|
|
|
|
| LEADER |
00000naa a2200000uu 4500 |
| 001 |
vtls011077829 |
| 003 |
SK-MaSNL |
| 005 |
20260302143011.0 |
| 008 |
210905|2010 xo |||||||||||||||||eng| |
| 015 |
|
|
|a SNBRA
|
| 035 |
|
|
|a (urnnbn)urn:nbn:sk:snk:ar-a0cfyp
|
| 035 |
|
|
|a (uuid)807a68ec-7f42-48dd-b452-d0dda63ece24
|
| 035 |
|
|
|a urn:nbn:sk:snk-aavm22
|
| 040 |
|
|
|a SNKBUCL
|b slo
|c SNKBUCL
|e AACR2
|
| 041 |
0 |
|
|a eng
|
| 044 |
|
|
|a xo
|c SK
|
| 100 |
1 |
|
|a Punyain, Kraiwan
|4 aut
|9 832638
|
| 245 |
1 |
0 |
|a pKa Calculation of Substituted Quinolones with Density Functional Theory
|c Kraiwan Punyain, Anne-Marie Kelterer, Mario Leypold
|
| 700 |
1 |
|
|a Kelterer, Anne-Marie
|4 aut
|9 832639
|
| 700 |
1 |
|
|a Leypold, Mario
|4 aut
|9 832640
|
| 773 |
0 |
|
|t 2nd International Workshop on Physical Chemistry and Material Physics
|d In Bratislava : Slovak University of Technology, 2010
|g S. 17-18
|z 9788022733069
|
| 958 |
|
|
|a OND
|
| 958 |
|
|
|a article12
|
| 958 |
|
|
|a chapter
|
| 999 |
|
|
|c 1341981
|d 1343911
|